| 000 | 00971nas a2200313 4500 | ||
|---|---|---|---|
| 001 | BR2016002127 | ||
| 003 | BR-BrBNA | ||
| 005 | 20231205130406.0 | ||
| 007 | ta | ||
| 008 | 230509b bl.|||p| |||| 00| 00por d | ||
| 040 |
_aBR-BrBNA _bpor _cBiblioteca Nacional de Agricultura |
||
| 041 | _a(Pt) | ||
| 072 | _aM12 | ||
| 100 | 1 | _aCastro, O.S. | |
| 100 | 1 | _aSantos, G. | |
| 100 | 1 | _aZwielehner, J. | |
| 100 | 1 | _aGonçalves, R. | |
| 100 | 1 | _aWerber, B. | |
| 245 | 1 | _aProbiótico multi-cepas na nutrição aquícola; aspectos práticos e recentes avanços tecnológicos visando à saúde intestinal de peixes e camarões | |
| 650 | _aPEIXE | ||
| 650 | _aCAMARÃO | ||
| 650 | _aAQUICULTURA | ||
| 650 | _aNUTRIÇÃO ANIMAL | ||
| 650 | _aBACTÉRIA | ||
| 650 | _aINTESTINO | ||
| 773 | 0 |
_tPanorama da Aquicultura (Brazil) _xISSN 1519-1141 _g(Jul-Aug 2015), v. 25(150) p. 34-37 _wBR2016002127 |
|
| 909 |
_a202311 _bLúcia _c55 _dLúcia Elande |
||
| 942 |
_2AGRIS _n0 _cANA |
||
| 999 |
_c249205 _d249205 |
||